000 01171nam a22003377a 4500
003 CHAP
005 20220329140635.0
008 971013s1986 r 00010 d
010 _a55194
011 _a56166
035 _a60319
040 _cCHAP
090 _aTesis
100 0 0 _aSilva Sáenz, René Andrés.
_9106051
245 _aDeterminación de los requerimientos hídricos del trigo (Triticum aestivum L.) en el norte de Coahuila por el método de Blaney y Criddle
260 _aChapingo, Méx. :
_bEl autor,
_c1986
300 _a68 h.
502 _aTesis (Ing. Agr. Esp. en Zonas Aridas) -- UACH. Departamento de Zonas Aridas
590 _aALEPH
_b10
_c20130110
_lUCH01
_h1333
590 _aBATCH-UPD
_b10
_c20130110
_lUCH01
_h1155
590 _aBATCH-UPD
_b10
_c20130410
_lUCH01
_h0738
590 _aBATCH-UPD
_b10
_c20130914
_lUCH01
_h1335
590 _aCONVERSION
_b10
_c20130109
_lUCH01
_h1330
650 1 4 _aEvapotranspiración.
_938968
650 1 4 _aTrigo
_xAgua requerida.
_9114956
650 1 4 _aTrigo
_xCoahuila.
_9114993
650 1 4 _aTrigo
_xIrrigación.
_9115050
901 _aBK
942 _cTESIS
949 _bBC
_cTES
_d-130068
_eTS1
_h18615
_i60319
_si
999 _c55194
_d55194